{"text_format":"3","workbook":"xlsx","n_sheets":3,"sheets":["精简版策划执行","学术会议","国内-华西和川大的报销项目 (2)"],"not_rendered":{"defined_names":1},"read":"whole","date_system":"1900"}

{"sheet":"精简版策划执行","index":0,"n_rows":55,"n_cols":8,"rows_kept":55,"hidden":true,"merged":[[0,0,0,7],[1,0,1,5],[9,0,9,7],[10,0,14,0],[15,0,20,0],[22,0,22,7],[24,0,30,0],[31,0,35,0],[38,0,40,0],[42,0,42,7],[44,0,45,0],[47,0,47,7],[52,0,53,0]]}
["卓而不凡，越而胜己——首届“信号转导与靶向治疗”期刊发展论坛\n会议策划执行服务预算清单"]
["会展活动策划执行管理服务总支出预算",{"$nulls":5},{"$f":"SUM(G3:G8)","v":{"v":99990.33,"d":"￥99,990.33"}}]
["A ","会议资料设计制作服务",{"$nulls":4},{"$f":"G22","v":{"v":13835,"d":"￥13,835.00"}}]
["B","主场设备租赁服务管理/现场设计搭建服务",{"$nulls":4},{"$f":"G42","v":{"v":41440,"d":"￥41,440.00"}}]
["C","行程管理/接待接送服务",{"$nulls":4},{"$f":"G47","v":{"v":9440,"d":"￥9,440.00"}}]
["D","人员及其他服务",{"$nulls":4},{"$f":"G55","v":{"v":21040,"d":"￥21,040.00"}}]
["E","项目运营策划管理服务费10%",{"$nulls":4},{"$f":"(G3+G4+G5+G6)*0.1","v":{"v":8575.5,"d":"￥8,575.50"}}]
["F","增值税税金6%",{"$nulls":4},{"$f":"(G3+G4+G5+G6+G7)*0.06","v":{"v":5659.83,"d":"￥5,659.83"}}]
["项目名称","项目描述","单位","数量","时间","单价","小计","备注"]
["A 会议资料设计制作服务（以实际发生为准)"]
["报到注册\n资料文件\n制作服务","参会代表和嘉宾证胸卡","套",230,1,{"v":8,"d":"￥8.00"},{"$f":"F11*E11*D11","v":{"v":1840,"d":"￥1,840.00"}},"200参会代表   40嘉宾  10工作人员"]
[null,"会议纸质资料袋","个",200,1,{"v":11,"d":"￥11.00"},{"$f":"D12*E12*F12","v":{"v":2200,"d":"￥2,200.00"}}]
[null,"会议中性笔","套",200,1,{"v":1.5,"d":"￥1.50"},{"$f":"D13*E13*F13","v":{"v":300,"d":"￥300.00"}}]
[null,"大会会议手册","本",200,1,{"v":24,"d":"￥24.00"},{"$f":"D14*E14*F14","v":{"v":4800,"d":"￥4,800.00"}}]
[null,"会议餐劵、157克铜版纸四色彩印、压点线","套",220,1,{"v":1.5,"d":"￥1.50"},{"v":330,"d":"￥330.00"}]
["会议现场\n文件物料\n制作服务","会议三折纸质桌卡，铜版纸200克压痕","张",80,1,{"v":7,"d":"￥7.00"},{"v":560,"d":"￥560.00"}]
[null,"会场日程单页，200克铜版纸单面彩印","张",100,1,{"v":4,"d":"￥4.00"},{"v":400,"d":"￥400.00"},"前排领导与主持人，两天"]
[null,"会场讲台帖","个",1,1,{"v":85,"d":"￥85.00"},{"v":85,"d":"￥85.00"}]
[null,"导视易拉宝","套",12,1,{"v":200,"d":"￥200.00"},{"v":2400,"d":"￥2,400.00"}]
[null,"日程易拉宝","套",2,1,{"v":200,"d":"￥200.00"},{"v":400,"d":"￥400.00"}]
[null,"彩色喷墨打印机、Canon  6500系列","台",1,2,{"v":260,"d":"￥260.00"},{"$f":"F21*D21*E21","v":{"v":520,"d":"￥520.00"}}]
[null,"小计：",{"$nulls":4},{"$f":"SUM(G11:G21)","v":{"v":13835,"d":"￥13,835.00"}}]
["B 会场设备租赁服务管理/现场设计搭建服务（以实际发生为准）"]
["B-1会场设备租赁服务（以实际发生为准)"]
["会场视频及灯光设备\n租赁服务","P3高清晰LED显示屏-主屏、10米*3.5米","平米",{"$f":"10*3.5","v":35},1,{"v":300,"d":"￥300.00"},{"$f":"D25*E25*F25","v":{"v":10500,"d":"￥10,500.00"}}]
[null,"V3播放器、联屏控制器","套",1,2,{"v":3000,"d":"￥3,000.00"},{"$f":"D26*E26*F26","v":{"v":6000,"d":"￥6,000.00"}}]
[null,"watch out联屏控制单元、流程播放器","套",1,2,{"v":2500,"d":"￥2,500.00"},{"v":5000,"d":"￥5,000.00"}]
[null,"讲台区 T3×13联监视系统","套",1,1,{"v":400,"d":"￥400.00"},{"v":400,"d":"￥400.00"}]
[null,"50英寸会议提词屏、Manual/Robotic Executive Systems","台",1,2,{"v":700,"d":"¥ 700.00"},{"v":1400,"d":"￥1,400.00"}]
[null,"Lenovo ThinkPad T420笔记本电脑","台",5,2,{"v":120,"d":"¥ 120.00"},{"v":1200,"d":"¥ 1,200.00"}]
[null,"局域网搭建（需要拉线）、大唐电信网线+水晶头","点",2,2,{"v":200,"d":"¥ 200.00"},{"v":800,"d":"¥ 800.00"}]
["会场\n音响设备租赁服务","T.D.TAICHEE TA-100线阵列全频音箱、主扩","个",4,2,{"v":600,"d":"¥ 600.00"},{"v":4800,"d":"¥ 4,800.00"}]
[null,"线阵列超低音箱","个",2,2,{"v":600,"d":"¥ 600.00"},{"v":2400,"d":"¥ 2,400.00"}]
[null,"SHURE UR4D U段无线话筒","个",4,2,{"v":200,"d":"¥ 200.00"},{"v":1600,"d":"¥ 1,600.00"}]
[null,"Audio-technica PRO 51Q、鹅颈麦","个",1,2,{"v":200,"d":"¥ 200.00"},{"v":400,"d":"¥ 400.00"}]
[null,"ALLEN&HEATH   GL2800-32、32路调音台","台",1,2,{"v":1600,"d":"¥ 1,600.00"},{"v":3200,"d":"¥ 3,200.00"}]
["B-2 现场设计搭建服务"]
["舞台搭建服务","LED屏底座 10mL*1mW*1mH","平米",10,1,{"v":85,"d":"￥85.00"},{"$f":"D38*E38*F38","v":{"v":850,"d":"￥850.00"}}]
["公共区域美工制作\n设计搭建服务","签到背景板桁架支撑、黑底环保宝丽布画面6米*3米","平米",18,1,{"v":120,"d":"￥120.00"},{"$f":"D39*E39*F39","v":{"v":2160,"d":"￥2,160.00"}}]
[null,"桁架背景板氛围灯","个",5,1,{"v":50,"d":"￥50.00"},{"v":250,"d":"￥250.00"}]
[null,"注册区 Thinkpad笔记本电脑、Lenovo ThinkPad T420","台",4,1,{"v":120,"d":"￥120.00"},{"v":480,"d":"￥480.00"}]
[null,"小计：",{"$nulls":4},{"$f":"SUM(G25:G41)","v":{"v":41440,"d":"￥41,440.00"}}]
["C 行程管理/接待接送服务（以实际发生为准）"]
["行程管理","嘉宾行程管理，房间预订等","人",40,1,{"v":60,"d":"￥60.00"},{"$f":"F44*E44*D44","v":{"v":2400,"d":"￥2,400.00"}}]
["接待用车服务","5座大众帕萨特、君威、中级车型（双流机场-世外桃源）","趟",20,1,{"v":280,"d":"￥280.00"},{"v":5600,"d":"￥5,600.00"}]
[null,"7座别克LG8 商务车（陪同-双流机场-世外桃源）","趟",4,1,{"v":360,"d":"￥360.00"},{"v":1440,"d":"￥1,440.00"}]
[null,"小计：",{"$nulls":4},{"$f":"SUM(G44:G46)","v":{"v":9440,"d":"￥9,440.00"}}]
["D 人员及其他服务（以实际发生为准）"]
["摄影","常规摄影","项",1,3,{"v":1600,"d":"￥1,600.00"},{"$f":"D49*E49*F49","v":{"v":4800,"d":"￥4,800.00"}},"含签到当天"]
["摄像","摄像师、松下 AG-HPX610MCF 专业广播级摄像机","项",2,2,{"v":1600,"d":"￥1,600.00"},{"$f":"D50*E50*F50","v":{"v":6400,"d":"￥6,400.00"}},"含直播摄像"]
["项目经理","全程跟踪服务","人",1,2,{"v":920,"d":"￥920.00"},{"$f":"D51*E51*F51","v":{"v":1840,"d":"￥1,840.00"}}]
["器材运输","4.2米箱式货柜车、市区内器材运输、搬运","趟",4,2,{"v":400,"d":"￥400.00"},{"$f":"D52*E52*F52","v":{"v":3200,"d":"￥3,200.00"}}]
["技术人员","会场搭建及拆除","工",13,1,{"v":300,"d":"￥300.00"},{"$f":"D53*F53*E53","v":{"v":3900,"d":"￥3,900.00"}}]
[null,"AV技术人工、音控技术人员","人",3,1,{"v":300,"d":"￥300.00"},{"$f":"D54*F54*E54","v":{"v":900,"d":"￥900.00"}}]
[null,"小计：",{"$nulls":4},{"$f":"SUM(G49:G54)","v":{"v":21040,"d":"￥21,040.00"}}]

{"sheet":"学术会议","index":1,"n_rows":35,"n_cols":7,"rows_kept":35,"merged":[[0,0,0,6],[1,0,1,6],[2,0,2,6],[3,0,3,6],[4,0,4,3],[4,4,4,6],[6,0,6,4],[8,0,8,4],[10,0,10,4],[12,0,12,4],[13,0,14,0],[15,0,19,0],[20,0,20,4],[21,0,24,0],[25,0,25,4],[26,0,27,0],[28,0,29,0],[30,0,32,0],[34,0,34,6]]}
["神经内科培训会务服务项目报价清单"]
["会议名称：第二届川西地区高压氧治疗技术在常见病中的推广应用暨眩晕疾病规范化诊治培训班"]
["会议时间：2025年12月5日         会议地点：雅安市医师培训中心1楼学术厅"]
["参加会议代表：150人"]
["价 税 合 计：",{"$nulls":3},"合计(含税）："]
["项目名称","项目描述","单位","数量","单价(元）","小计","备注"]
["A 会场使用"]
["会议场地","雅安市医师培训中心1楼学术厅","天",0]
["B 餐饮（以实际发生为准）"]
["2025-12-05","午/晚餐-自助午餐","人",300]
["C 住宿（以实际发生为准）"]
["2025-12-04","汉庭单间","间",3]
["D 会议资料设计制作及搭建（以实际发生为准)"]
["创意设计服务","会议视觉设计（VI规范、主画面设计等）、延展物料设计（会议手册、海报、串场ppt等）","项",1]
[null,"易企秀H5宣传","页",8]
[null,"会议手册（含专家简介、日程单，A4，75P，全彩内页，双胶纸装订）","本",80]
[null,"会议桌卡（A4纸，轻设计）","张",80]
[null,"会场讲台贴（KT板）","套",1]
[null,"丽屏（展架导视、议程）","个",2]
[null,"橱窗海报","张",5]
["E 设备租赁（以实际发生为准）"]
["设备租赁","双机互联设备，实现讲者电脑与控台电脑同步，2个点位","项",1]
[null,"讲台区 T3×13联监视系统，液晶显示器","项",1]
[null,"Huawei笔记本电脑","台",2]
[null,"彩色喷墨打印机","台",1]
["F人员及其他费用（以实际发生为准）"]
["摄影","专业摄影师配置相机、现场抓拍修片上传含签到处摄影及氛围拍摄","台/天",1]
[null,"云摄影平台搭建，照片上传，一键下载","项",1]
["项目经理","搭建及系统操作技术人员管理（含设备的安装、调试、拆卸等）","人/天",1]
[null,"会场管理、酒店管理、会议统筹","人/天",1]
["接待用车服务","高铁二等座 成都南—雅安 雅安—成都南","人",2]
[null,"高铁二等座 成都西—雅安 雅安—成都西","人",1]
[null,"退订手续费","人",1]
["杂费","物料邮寄、运输及装卸等","项",1]
["备注：本项目采用总价包干，以上为预估数量，以实际发生为准。"]

{"sheet":"国内-华西和川大的报销项目 (2)","index":2,"n_rows":23,"n_cols":10,"rows_kept":23,"hidden":true,"merged":[[0,0,0,9],[1,0,1,9],[3,0,5,0],[3,9,6,9],[6,0,7,0],[6,7,7,7],[6,8,7,8],[13,0,13,9],[14,0,14,9]]}
["川大报销费用"]
["卓而不凡，越而胜己——首届“信号转导与靶向治疗”期刊发展论坛（会期4天）"]
["序号","分类","项目","单价","人数","时间","小计","报销","实际消费","备注"]
[1,"场地","场地费",{"$nulls":4},{"$f":"#REF!","v":{"$error":"#REF!"}},{"$f":"#REF!","v":{"$error":"#REF!"}},"酒店板块"]
[null,"住宿","专家住宿费用",{"v":500,"d":"¥500.00"},30,3,{"$f":"D5*E5*F5","v":{"v":45000,"d":"¥45,000.00"}},{"$f":"SUM(G5:G5)","v":{"v":45000,"d":"¥45,000.00"}},{"$f":"#REF!","v":{"$error":"#REF!"}}]
[null,"餐饮",null,{"v":150,"d":"¥150.00"},200,3,{"$f":"D6*E6*F6","v":{"v":90000,"d":"¥90,000.00"}},{"$f":"G6","v":{"v":90000,"d":"¥90,000.00"}},{"$f":"#REF!","v":{"$error":"#REF!"}}]
[2,"其他费用","会务费",{"v":100,"d":"¥100.00"},200,4,{"v":80000,"d":"¥80,000.00"},{"$f":"SUM(G7:G8)","v":{"v":84000,"d":"¥84,000.00"}},{"$f":"#REF!+学术会议!#REF!","v":{"$error":"#REF!"}}]
[null,"市内交通",null,{"v":80,"d":"¥80.00"},25,2,{"v":4000,"d":"¥4,000.00"}]
[3,"差旅","院士头等舱、其他专家经济舱",{"$nulls":4},{"$f":"#REF!","v":{"$error":"#REF!"}},{"$f":"H9","v":{"$error":"#REF!"}}]
[{"$nulls":6},"总费用",{"$f":"SUM(H4:H9)","v":{"$error":"#REF!"}},{"$f":"SUM(I4:I9)","v":{"$error":"#REF!"}}]
[]
[]
[]
["华西医院报销"]
["卓而不凡，越而胜己——首届“信号转导与靶向治疗”期刊发展论坛（会期4天）"]
["序号","分类","项目","单价","人数","时间","小计","报销","实际消费","备注"]
[1,"劳务费","专家劳务（高级专业技术人员） 含税",{"v":2800,"d":"¥2,800.00"},{"$f":"#REF!","v":{"$error":"#REF!"}},1,{"$f":"D17*E17*F17","v":{"$error":"#REF!"}},{"$f":"G17:G17","v":{"$error":"#REF!"}},{"$f":"H17","v":{"$error":"#REF!"}}]
[{"$nulls":6},"总费用",null,{"$f":"I17","v":{"$error":"#REF!"}}]
[]
[]
[1,"志愿者劳务","志愿者劳务",{"v":200,"d":"¥200.00"},10,3,{"$f":"D21*E21*F21","v":{"v":6000,"d":"¥6,000.00"}},{"$f":"G21","v":{"v":6000,"d":"¥6,000.00"}},{"$f":"H21","v":{"v":6000,"d":"¥6,000.00"}},"从sttt调研费用"]
[]
[{"$nulls":8},{"$f":"I10+I18","v":{"$error":"#REF!"}}]